000 01567cam a22004214i 4500
003 PE-LiUPU
005 20250731172748.0
008 150617s r 000 0 d
035 _a(Sirsi) a12319
040 _aPE-LiUPU
_bspa
_cPE-LiUPU
_erda
049 _aPRUA
082 0 4 _a223.2
_bM48
_221
100 1 _aMeyer, Frederick Brotherton,
_eautor.
245 1 0 _aShepherd Psalm /
_cBrotherton Meyer Frederick.
264 1 _aNew York :
_bChatterton-Peck Company,
_c[1978].
300 _a166 páginas ;
_c15 cm.
336 _atext
_2rdacontent
337 _aunmediated
_2rdamedia
338 _avolume
_2rdacarrier
505 0 _aThe Psalm of Psalms -- The Shepherd lord -- Pastures of tender grass and whaters of rest -- "He restoreth my soul" -- the sheperd's leading -- The valley of shadow -- Comfort through the rod and the staff -- The Banquet -- "Thou anointest my Head with oil" -- The overflowing cupáginas - The celestial escort -- "The house of the lord for ever".
526 _aSEG42
526 _aSEG41
526 _aSEG40
526 _aSEG39
526 _aP94
526 _aP87
526 _aP86
526 _aP85
526 _aP77
526 _aP76
526 _aP35
630 _aBiblia
_pA.T.
_pSalmo 23
_xComentarios.
910 _ajck
942 _2ddc
_cBOOK
949 _a223.2 M48
_wDEWEY
_c1
_i54329
_lCCODEBUL1
_mBUL
_p00.00
_r0
_sY
_tBOOK
_u2015-04-21
_xBIBLIOTECA
_zUNKNOWN
_0COMPRA
_o.STAFF. Colección General
999 _c2564
_d2564
980 _81
_gALBERTO SANCHEZ Responsable de Automatización